00526nam a2200169 a 450000500170000000800410001702000150005805000240007310000160009724500840011326000410019730000340023852100080027265000210028065000440030165000110034520140311163002.0020820s19uu xx 00 eng d a0786882980 aGV 481 b.G746 1996 aGreene, Bob aMake the connection :b10 steps to a better body and better life /cBob Greene. aUnited States :bPaperback :c23 cm. a240 p. :bcol. ill. ;c24 cm. aNUR aPhysical fitness aPhysical fitnessxpsychological aspects aHealth